Issledovanija po geometrii i matematičeskomu analizu

Na minha lista:
Detalhes bibliográficos
Outros Autores: Rešetnijak, Ju.G
Formato: Livro
Idioma:russo
Publicado em: Novosibirsk Nauka 1987
Edição:1. izd.
Tags: Adicionar Tag
Sem tags, seja o primeiro a adicionar uma tag!

MARC

LEADER 00000nam a2200000 4500
001 c024643
005 20230110094820.3
041 0 |a rus 
044 |a RU 
245 1 0 |a Issledovanija po geometrii i matematičeskomu analizu  |c Zodp. red. Ju.G. Rešetnijak 
250 |a 1. izd. 
264 1 |a Novosibirsk  |b Nauka  |c 1987 
300 |a 194 s. 
700 1 |a Rešetnijak, Ju.G.